Trh práce a mobilita pracovných síl v rámci EÚ diplomová práca

Guardado en:
Detalles Bibliográficos
Autor principal: Tökeiová, Jana
Autor Corporativo: Národohospodárska fakulta EU. Katedra sociálneho rozvoja a práce
Otros Autores: Laluha, Ivan
Formato: Libro
Lenguaje:eslovaco
Publicado: Bratislava 2008
Etiquetas: Agregar Etiqueta
Sin Etiquetas, Sea el primero en etiquetar este registro!

MARC

LEADER 00000nam$a2200000$$$4500
001 0078329
005 20240201120522.2
041 0 |a slo 
044 |a SK 
245 1 0 |a Trh práce a mobilita pracovných síl v rámci EÚ  |b diplomová práca  |c Jana Tökeiová ; škol. Ivan Laluha 
264 1 |a Bratislava  |c 2008 
300 |a 68 s. 
100 1 |a Tökeiová, Jana 
700 1 |a Laluha, Ivan 
710 2 |a Národohospodárska fakulta EU. Katedra sociálneho rozvoja a práce